000 02461nam a2200349Ia 4500
003 OSt
005 20210610123838.0
008 210310s2007 sp ad gr 000 0dspa d
020 _a9788474269512
040 _aCO-JMCR
_cCO-JMCR
041 1 _aspa
_heng
082 0 4 _a333.72 /
_bS121u
_223
100 1 _aSachs, Wolfgang,
_915997
_eautor
245 1 0 _aUn futuro justo :
_brecursos limitados y justicia global /
_cWolfgang Sachs, Tilman Santarius ; Ana Isabel González García
250 _a1° edición
260 _aBarcelona :
_bIcaria : Intermón Oxfam,
_c2007
300 _a335 páginas :
_bilustraciones y gráficas a blanco y negro ;
_c22 cm.
490 0 _aEncuentro
500 _aIncluye notas a pie de página y datos biográficos de los autores. Título original: Fair future
504 _aBibliografía: páginas [303]-335
505 0 _aJusticia para realistas -- Desigualdad en el espacio ambiental -- Escenarios de la apropiación -- Modelo de justicia sobre los recursos -- Un bienestar compatible con la justicia -- Contratos de justicia y ecología -- El papel de Europa
520 3 _aCrisis del petróleo, conflictos por el agua, inseguridad alimentaria...: los mensajes sobre la escases de recursos se acumulan. Al mismo tiempo la población mundial sigue aumentando y cada vez más naciones, como India o China, reivindican su innegable derecho al desarrollo. Ya hoy se exige demasiado a la biosfera; no hay duda de que la lucha por una naturaleza escasa influirá en las crisis del siglo XXI. Este libro, fruto de la reflexión de expertos del prestigioso Instituto Wuppertal, ofrece al lector un análisis de las situaciones en las que se producen conflictos a causa de los recursos, plantea medios para su distribución equitativa y esboza los elementos sustanciales de una política medioambiental y económica que se comprometa por igual con la naturaleza y con la humanidad, un nuevo modelo económico en un imprescindible marco de justicia universal.
546 _aTraducido del inglés.
650 1 4 _aRecursos naturales
_915999
_xPolítica gubernamental
650 2 4 _aRecursos naturales
_xGestión
_938311
650 2 4 _aMovimiento anti-globalización
_938060
650 2 4 _aDesarrollo económico
_xAspectos ambientales
_937898
650 2 4 _aGlobalización
_xAspectos ambientales
_938312
700 1 _aSantarius, Tilman,
_eautor
_938313
700 1 _aGonzález García, Ana Isabel,
_etraductora
_938314
942 _2ddc
_cBK
999 _c7983
_d7983